[Event "UK-ch Blitz"]
[Site "Leamington Spa"]
[Date "2022.12.03"]
[Round "4"]
[White "Beardsworth, Allan W"]
[Black "Camacho Collados, Jose"]
[Result "1-0"]
[WhiteElo "2160"]
[BlackElo "2280"]
[PlyCount "67"]
[EventDate "2022.12.03"]
[EventType "tourn (blitz)"]
[EventRounds "15"]
[EventCountry "ENG"]
[SourceTitle "CBM 211 Extra"]
[Source "ChessBase"]
[SourceDate "2023.01.31"]
[SourceVersion "1"]
[SourceVersionDate "2023.01.31"]
[SourceQuality "1"]

1. e4 c5 2. Nf3 e6 3. Bd3 d5 4. c3 Nc6 5. 0-0 Nf6 6. e5 Nd7 7. Bb5 Qc7 8. d4 a6 9. Bd3 Be7 10. a3 Qb6 11. dxc5 Qxc5 12. Bf4 Qb6 13. b4 h6 14. h4 g5 15. hxg5 hxg5 16. Nxg5 Ncxe5 17. Re1 Nxd3 18. Qxd3 Nf6 19. Nd2 Bd7 20. c4 Rd8 21. c5 Qb5 22. Qc3 a5 23. Be5 Rh6 24. Ndf3 Ng4 25. Bc7 Rc8 26. Bg3 Bf6 27. Qd2 Bxa1 28. Rxa1 Qc4 29. Rc1 Qb3 30. Qf4 Qxa3 31. Qxf7+ Kd8 32. Qf8+ Be8 33. Nf7+ Kd7 34. Qd6# 1-0

[Event "GBR-ch blitz"]
[Site "Birmingham"]
[Date "2019.11.16"]
[Round "12"]
[White "Beardsworth, Allan W"]
[Black "Arkell, Keith C"]
[Result "1/2-1/2"]
[WhiteElo "2144"]
[BlackElo "2464"]
[PlyCount "85"]
[EventDate "2019.11.16"]
[EventType "tourn (blitz)"]
[EventRounds "15"]
[EventCountry "ENG"]
[EventCategory "5"]
[SourceTitle "CBM 193 Extra"]
[Source "ChessBase"]
[SourceDate "2020.01.31"]
[SourceVersion "1"]
[SourceVersionDate "2020.01.31"]
[SourceQuality "1"]

1. e4 c6 2. d3 d5 3. Nd2 g6 4. Ngf3 Bg7 5. Be2 Bg4 6. 0-0 e6 7. c3 Nd7 8. h3 Bxf3 9. Bxf3 Ne7 10. Re1 0-0 11. Qc2 Re8 12. a3 Qc7 13. b3 Rad8 14. Bb2 dxe4 15. dxe4 Ne5 16. Be2 g5 17. Rad1 N7g6 18. g3 Rd7 19. Nf3 Nxf3+ 20. Bxf3 Red8 21. Rxd7 Rxd7 22. Rd1 Qd8 23. Rxd7 Qxd7 24. Qd1 Qc7 25. Qd2 h6 26. Kg2 Ne5 27. Be2 Nd7 28. b4 b5 29. Bd1 Nb6 30. Bb3 Qe5 31. Qe3 Qd6 32. Qe2 Be5 33. Kf1 Kg7 34. Ke1 Nd7 35. Qd2 Qe7 36. Kd1 Nb6 37. Kc2 Qf6 38. Qe3 h5 39. Bc1 g4 40. h4 Qg6 41. Qg5 Qxg5 42. Bxg5 f6 43. Be3 1/2-1/2